书目信息 |
| 题名: |
红色延安的故事
|
|
| 作者: | ;中国延安干部学院 编 | |
| 分册: | 清正廉洁篇 | |
| 出版信息: | 北京 党建读物出版社 2018 |
|
| 页数: | 222页 | |
| 开本: | 24cm | |
| 丛书名: | ||
| 单 册: | ||
| 中图分类: | D648.4 | |
| 科图分类: | ||
| 主题词: | 延安精神--学习参考资料 | |
| 电子资源: | ||
| ISBN: | 978-7-5099-0776-4 | |
| 000 | 00888nam0 2200229 450 | |
| 001 | 012024000305 | |
| 005 | 20240924225236.0 | |
| 010 | @a978-7-5099-0776-4@dCNY26.00 | |
| 100 | @a20240924d2018 em y0chiy50 ea | |
| 101 | 0 | @achi |
| 102 | @aCN@b110000 | |
| 105 | @aa z 000yy | |
| 106 | @ar | |
| 200 | 1 | @a红色延安的故事@Ahong se yan an de gu shi@i清正廉洁篇@f中国延安干部学院编 |
| 210 | @a北京@c党建读物出版社@d2018 | |
| 215 | @a222页@c图@d24cm | |
| 330 | @a本书以延安时期老一辈无产阶级革命家的工作、战斗和生活为基本素材,精心选择了36个小故事,这些故事真实、生动、感人,以独特的魅力,展现了延安时期党的干部“只见公仆不见官”的廉洁形象。 | |
| 606 | 0 | @a延安精神@j学习参考资料 |
| 690 | @aD648.4@v5 | |
| 711 | 02 | @a中国延安干部学院@Azhong guo yan an gan bu xue yuan@4编 |
| 801 | 0 | @aCN@bAHXH@c20240924 |
| 905 | @b214141490@b214141506@b214141515@b214141524@b214141533@dD648.4@e253@f5 | |
| 红色延安的故事.清正廉洁篇/中国延安干部学院编.-北京:党建读物出版社,2018 |
| 222页:图;24cm |
| ISBN 978-7-5099-0776-4:CNY26.00 |
| 本书以延安时期老一辈无产阶级革命家的工作、战斗和生活为基本素材,精心选择了36个小故事,这些故事真实、生动、感人,以独特的魅力,展现了延安时期党的干部“只见公仆不见官”的廉洁形象。 |
| ● |
| 相关链接 |
|
|
|
|
正题名:红色延安的故事
索取号:D648.4/253
 
预约/预借
| 序号 | 登录号 | 条形码 | 馆藏地/架位号 | 状态 | 备注 |
| 1 | 1414149 | 214141490 | 第一样本阅览室/ [索取号:D648.4/253] | 在馆 | |
| 2 | 1414150 | 214141506 | 第一借阅区/ [索取号:D648.4/253] | 在馆 | |
| 3 | 1414151 | 214141515 | 第一借阅区/ [索取号:D648.4/253] | 在馆 | |
| 4 | 1414152 | 214141524 | 第一借阅区/ [索取号:D648.4/253] | 在馆 | |
| 5 | 1414153 | 214141533 | 第一借阅区/ [索取号:D648.4/253] | 在馆 |